| 000 | 00470nam a2200169Ia 4500 | ||
|---|---|---|---|
| 003 | GCL | ||
| 008 | 140319s9999 xx 000 0 ara d | ||
| 040 |
_aGCL / _cGCL |
||
| 082 | 0 | 4 |
_a372.4 _bح ت |
| 100 | 1 | _aحسن حسينى جامع | |
| 245 | 1 | 0 |
_aالتعلم الذاتى وتطبيقاته التربوية / _cحسن حسينى جامع |
| 300 | _a360 ص | ||
| 490 | _a | ||
| 650 | 0 | 4 | _aالتربية |
| 650 | 0 | 4 | _aالتعلم الذاتى |
| 942 |
_2ddc _cBK |
||
| 999 |
_c39160 _d39160 |
||